LEADER 01120nam a22002531i 4500 001 991001177979707536 005 20030901122439.0 008 040407s1956 it a||||||||||||||||ita 035 $ab12730671-39ule_inst 035 $aARCHE-071031$9ExL 040 $aDip.to Scienze Storiche$bita$cA.t.i. Arché s.c.r.l. Pandora Sicilia s.r.l. 082 04$a940.039 110 2 $aCentro italiano di studi sull'alto Medioevo$0172535 245 12$aI goti in Occidente :$bproblemi : Settimane di studio del Centro italiano di studi sull'alto Medioevo, 3. : 29 marzo-5 aprile 1955 260 $aSpoleto :$bpresso la sede del Centro,$c1956 300 $a695 p., [22] p. di tav. :$bill. ;$c22 cm. 440 0$aSettimane di studio del Centro italiano di studi sull'alto Medioevo ;$v3 650 4$aGoti$xCongressi$y1955 907 $a.b12730671$b02-04-14$c16-04-04 912 $a991001177979707536 945 $aLE009 MSM VII Coll. 25/3$g1$i2009000192072$lle009$o-$pE0.00$q-$rn$so $t0$u0$v0$w0$x0$y.i13264746$z16-04-04 996 $aGoti in Occidente$9165845 997 $aUNISALENTO 998 $ale009$b16-04-04$cm$da $e-$fita$git $h2$i1 LEADER 03155oas 2201309 a 450 001 9910145310403321 005 20251105213014.0 011 $a1468-0033 035 $a(OCoLC)40349198 035 $a(CONSER) 2007252830 035 $a(CKB)954925615052 035 $a(EXLCZ)99954925615052 100 $a19981119a19939999 sy a 101 0 $aeng 135 $aurmnu|||||||| 181 $ctxt$2rdacontent 182 $cc$2rdamedia 183 $acr$2rdacarrier 200 10$aMuseum international 210 $a[Oxford] $cBlackwell Publishers 210 1$aLondon :$cInforma UK Limited 300 $aRefereed/Peer-reviewed 311 08$a1350-0775 531 0 $aMus. int. 606 $aMuseums$vPeriodicals 606 $aMuse?es$vPe?riodiques 606 $a02.30 museology$3(NL-LeOCL)077592530$2bcl 606 $a20.00 art sciences: general$3(NL-LeOCL)077593650$2bcl 606 $aMuseum Management & Curatorship$2ebps 606 $aMuseums$2fast$3(OCoLC)fst01030128 606 $aMuseumkunde$3(NL-LeOCL)078597226$2gtt 606 $aKunstmusea$2gtt 606 $aKunst$2gtt 606 $aCultuur$2gtt 606 $aMuse?e$2rasuqam 606 $aMuse?ologie$2rasuqam 606 $aPatrimoine culturel$2rasuqam 608 $aperiodicals.$2aat 608 $aPeriodicals.$2fast 608 $aPeriodicals.$2lcgft 608 $aPe?riodique e?lectronique (Descripteur de forme)$2rasuqam 608 $aRessource Internet (Descripteur de forme)$2rasuqam 608 $aPe?riodiques.$2rvmgf 615 0$aMuseums 615 6$aMuse?es 615 7$a02.30 museology. 615 7$a20.00 art sciences: general. 615 7$aMuseum Management & Curatorship. 615 7$aMuseums. 615 17$aMuseumkunde. 615 17$aKunstmusea. 615 17$aKunst. 615 17$aCultuur. 615 7$aMuse?e. 615 7$aMuse?ologie. 615 7$aPatrimoine culturel. 676 $a069 676 $a069 712 02$aUnesco, 712 02$aInternational Council of Museums, 801 0$bF#A 801 1$bF#A 801 2$bOCL 801 2$bOCLCQ 801 2$bOCL 801 2$bWAU 801 2$bUQ1 801 2$bWAU 801 2$bOCLCQ 801 2$bUKMGB 801 2$bOCLCQ 801 2$bOCLCO 801 2$bOCLCF 801 2$bNLGGC 801 2$bOCLCO 801 2$bJPG 801 2$bOCLCQ 801 2$bUKBOL 801 2$bVT2 801 2$bAU@ 801 2$bLGG 801 2$bOCLCE 801 2$bOCLCO 801 2$bOCLCQ 801 2$bWT2 801 2$bOCLCQ 801 2$bLEATE 801 2$bOCLCQ 801 2$bWYU 801 2$bNJT 801 2$bDLC 801 2$bOCLCQ 801 2$bLDP 801 2$bGUA 801 2$bDLC 801 2$bOCLCQ 801 2$bOCLCL 801 2$bCSU 801 2$bLIP 801 2$bXFH 801 2$bCEF 801 2$bOCLCL 801 2$bNZAUC 801 2$bNLE 801 2$bEZC 801 2$bDKU 801 2$bSFB 801 2$bOCLCQ 906 $aJOURNAL 912 $a9910145310403321 996 $aMuseum international$9792846 997 $aUNINA